000 00435nam a2200181Ia 4500
001 8079
005 20260306160542.0
008 260306t2002||||xx |||||||||||||| ||spa||
041 _aESP
082 _a370.1
_bL87
100 _aLopez Calva, J. Martín
_eAUT
245 0 _aDesarrollo humano y práctica docente
260 _c2002
300 _a120 páginas :
_c23 cm.
650 _aGEN
654 _aCED
942 _cLIB
_dJUS
_fJUS
_2ddc
_n
999 _c8079
_d8079